000 00681nam a2200205 a 4500
001 BRCA_5768
005 20190320205216.0
008 080311s1977----mx-a######---#000-0#spa-#
041 _aspa
044 _amx
050 4 _aNA109
_b.M67 1977
100 1 _aMoral, Enrique del
_914634
245 1 0 _aDefensa y conservación de las ciudades y conjuntos urbanos monumentales
_cEnrique del Moral.
260 _aMéxico
_bAcademia de Artes
_c1977
300 _a26 p.
_bil.
_c23 cm.
500 _aIncluye 45 p. de ilustraciones
650 1 4 _aMonumentos arquitectónicos
_xConservación y restauración
_914635
650 1 4 _aArquitectura
_xConservación y restauración
_9139
942 _2lcc
_cB
999 _c5457
_d5457